000 00370pab a2200145 454500
008 180718b1991 xxu||||| |||| 00| 0 eng d
100 _aLieten, G.K.
245 _aPoverty Alleviation Programmes
_bWest Bengal's experience
260 _c1991
300 _a21-5
362 _a22 Jun.
650 _aPoverty - India - West Bengal
773 _aMainstream
909 _a15923
999 _c15923
_d15923